[Event "26th EUR-ch"]
[Site "Katowice POL"]
[Date "2026.04.07"]
[Round "1.56"]
[White "Ringuet, Noe"]
[Black "Razafindratsima, Timothe"]
[Result "0-1"]
[WhiteElo "2220"]
[BlackElo "2537"]
[EventDate "2026.04.07"]
[PlyCount "56"]

1.d4 f5 2.Bf4 Nf6 3.e3 e6 4.Nf3 Be7 5.Be2 b6 6.O-O Bb7 7.c4 O-O 8.Nc3 Na6 
9.h3 Qe8 10.a3 d6 11.b4 c5 12.bxc5 bxc5 13.Rb1 Rb8 14.Ng5 Qc8 15.Qa4 cxd4 
16.exd4 h6 17.Nxe6 Qxe6 18.Rxb7 Rxb7 19.Qxa6 Rb3 20.d5 Qf7 21.Nb5 Ne4 22.
Qxa7 g5 23.Be3 f4 24.Bg4 fxe3 25.Be6 exf2+ 26.Rxf2 Nxf2 27.Kh2 Qxe6 28.
dxe6 g4 0-1

[Event "26th EUR-ch"]
[Site "Katowice POL"]
[Date "2026.04.07"]
[Round "1.57"]
[White "Piorun, Kacper"]
[Black "Pycinski, Wladyslaw"]
[Result "1-0"]
[WhiteElo "2536"]
[BlackElo "2218"]
[EventDate "2026.04.07"]
[PlyCount "117"]

1.e4 e6 2.d4 d5 3.Nc3 Nf6 4.exd5 exd5 5.Bf4 Be7 6.Bd3 O-O 7.Nge2 Nc6 8.a3 
Be6 9.Qd2 Re8 10.f3 a6 11.g4 b5 12.Nd1 b4 13.Ne3 bxa3 14.bxa3 Bd6 15.Bxd6 
Qxd6 16.O-O Nd7 17.f4 f6 18.c3 Na5 19.Qc2 Nf8 20.Ng3 c5 21.Nef5 Qc7 22.Qg2
cxd4 23.cxd4 Nc4 24.Rae1 Rad8 25.g5 fxg5 26.fxg5 Bf7 27.Qf2 Bg6 28.Bxc4 
dxc4 29.d5 Qd7 30.d6 Ne6 31.Qe3 Kh8 32.Ne7 Nf8 33.Qd4 c3 34.Rxf8+ Rxf8 35.
Nxg6+ hxg6 36.Re7 Rf7 37.Rxd7 Rfxd7 38.Ne4 c2 39.Qc5 Rxd6 40.Nxd6 Rxd6 41.
Qxc2 Kh7 42.Qc4 Rb6 43.h4 Rb5 44.a4 Rf5 45.Qxa6 Rf4 46.a5 Rxh4 47.Qb7 Ra4 
48.a6 Ra1+ 49.Kf2 Ra2+ 50.Ke3 Ra3+ 51.Kd2 Ra5 52.a7 Ra1 53.Kc2 Re1 54.Qf3 
Ra1 55.a8=B Ra2+ 56.Kb1 Rxa8 57.Qh1+ Kg8 58.Qxa8+ Kh7 59.Qe4 1-0

[Event "26th EUR-ch"]
[Site "Katowice POL"]
[Date "2026.04.07"]
[Round "1.58"]
[White "Tymrakiewicz, Rafal"]
[Black "Kosakowski, Jakub"]
[Result "0-1"]
[WhiteElo "2216"]
[BlackElo "2533"]
[EventDate "2026.04.07"]
[PlyCount "142"]

1.d4 f5 2.g3 Nf6 3.Bg2 g6 4.Nh3 d6 5.O-O Bg7 6.d5 c6 7.c4 e5 8.dxe6 Bxe6 
9.Qc2 Qe7 10.b3 Na6 11.Bb2 d5 12.Nd2 dxc4 13.Nxc4 Nb4 14.Qc1 Bd5 15.Nf4 
Bxg2 16.Nxg2 O-O 17.a3 Nbd5 18.Nce3 Nxe3 19.Qxe3 Rfe8 20.Qxe7 Rxe7 21.e3 
Rd8 22.Rad1 Red7 23.Rxd7 Rxd7 24.Bd4 Ne4 25.Bxg7 Kxg7 26.b4 Nd2 27.Ra1 
Nf3+ 28.Kf1 Nxh2+ 29.Ke2 Ng4 30.Nf4 Nf6 31.Rc1 Ne4 32.Rc2 Kf6 33.Nd3 g5 
34.Nc5 Nxc5 35.Rxc5 h5 36.f4 g4 37.Rc1 Kg6 38.Rh1 b6 39.Rc1 Rd6 40.Rh1 c5 
41.bxc5 bxc5 42.Rc1 Rd5 43.a4 h4 44.gxh4 Kh5 45.Kf2 Rd2+ 46.Kg3 Re2 47.
Rxc5 Rxe3+ 48.Kg2 Kxh4 49.Rxf5 Re2+ 50.Kf1 Ra2 51.Rf7 Rxa4 52.f5 Ra1+ 53.
Kf2 Ra2+ 54.Kf1 Kg3 55.f6 Ra6 56.Rf8 Kf3 57.Ke1 g3 58.f7 Re6+ 59.Kd2 Re7 
60.Rc8 Rxf7 61.Ke1 Re7+ 62.Kd2 g2 63.Rf8+ Kg3 64.Rg8+ Kf2 65.Rf8+ Kg1 66.
Rh8 Re5 67.Rh7 Kf2 68.Rf7+ Kg3 69.Rg7+ Kf3 70.Rf7+ Kg4 71.Rg7+ Rg5 0-1

[Event "26th EUR-ch"]
[Site "Katowice POL"]
[Date "2026.04.07"]
[Round "1.59"]
[White "Malek, Jan"]
[Black "Korszanski, Stanislaw"]
[Result "1-0"]
[WhiteElo "2533"]
[BlackElo "2215"]
[EventDate "2026.04.07"]
[PlyCount "61"]

1.d4 e6 2.c4 b6 3.e4 Bb4+ 4.Nc3 Bb7 5.Ne2 Bxe4 6.a3 Bxc3+ 7.Nxc3 Bg6 8.Bf4
Ne7 9.h4 h5 10.Be2 a6 11.d5 d6 12.dxe6 fxe6 13.Bg5 Nbc6 14.O-O Qd7 15.Bf3 
Rb8 16.Re1 Ne5 17.Rxe5 dxe5 18.Qe1 Nf5 19.Rd1 Nd6 20.b4 O-O 21.c5 bxc5 22.
bxc5 Rxf3 23.gxf3 Qc6 24.cxd6 cxd6 25.Ne4 d5 26.Rc1 Qa4 27.Nc5 Qxa3 28.
Qxe5 Rf8 29.Nxe6 Rf7 30.Be3 Qe7 31.Rc8+ 1-0

[Event "26th EUR-ch"]
[Site "Katowice POL"]
[Date "2026.04.07"]
[Round "1.60"]
[White "Portelli, Matthew"]
[Black "Meshkovs, Nikita"]
[Result "0-1"]
[WhiteElo "2213"]
[BlackElo "2532"]
[EventDate "2026.04.07"]
[PlyCount "92"]

1.e4 c5 2.Nc3 e6 3.Nge2 a6 4.d4 cxd4 5.Nxd4 b5 6.Bd3 Qb6 7.Nb3 Qc7 8.O-O 
Bb7 9.Re1 Bd6 10.g3 Be5 11.Bd2 Nf6 12.f4 Bxc3 13.Bxc3 h5 14.Qd2 h4 15.Na5 
hxg3 16.hxg3 Ng4 17.Bd4 Nc6 18.Nxc6 Bxc6 19.Bf1 f5 20.Bg2 fxe4 21.Qe2 Nf6 
22.Bxf6 gxf6 23.Bxe4 f5 24.Bf3 Ke7 25.Kg2 Rag8 26.Qe3 Bxf3+ 27.Qxf3 Rh4 
28.Rf1 Rhg4 29.Rf2 Qc6 30.Kh2 Qc4 31.b3 Qe4 32.Qxe4 fxe4 33.Rg1 b4 34.c4 
bxc3 35.Rc2 Rh8+ 36.Kg2 Rc8 37.Rgc1 Rcg8 38.Rxc3 Rxf4 39.Rh1 Rfg4 40.Kf2 
d5 41.Rc6 Rxg3 42.Rh7+ Kf6 43.Rxa6 Ke5 44.Rh6 Kd4 45.Raxe6 Rg2+ 46.Kf1 
Rg1+ 0-1

[Event "26th EUR-ch"]
[Site "Katowice POL"]
[Date "2026.04.07"]
[Round "1.61"]
[White "Wadsworth, Matthew"]
[Black "Rudzinska, Michalina"]
[Result "1-0"]
[WhiteElo "2532"]
[BlackElo "2204"]
[EventDate "2026.04.07"]
[PlyCount "97"]

1.Nf3 d5 2.g3 Bg4 3.Bg2 e6 4.h3 Bf5 5.O-O Nf6 6.c4 c6 7.Qb3 Qb6 8.d3 h6 9.
Be3 Qxb3 10.axb3 Na6 11.Nd4 Kd7 12.Nxf5 exf5 13.Bd4 dxc4 14.Bxf6 gxf6 15.
bxc4 f4 16.gxf4 Nc5 17.e3 Rg8 18.Nc3 Ne6 19.Ne4 Be7 20.Kh1 Kc7 21.d4 Ng7 
22.Ra5 Bb4 23.Ra4 Be7 24.Ng3 a6 25.Be4 c5 26.dxc5 Bxc5 27.b4 Be7 28.Bd5 
Rgf8 29.Rg1 f5 30.Ne2 Bf6 31.Ra5 Rad8 32.Ra2 Rd6 33.b5 axb5 34.Rb1 Ra6 35.
cxb5 Rxa2 36.b6+ Kd6 37.Bxa2 Kc5 38.Nc1 Rd8 39.Bxf7 Kc6 40.Kg2 Ra8 41.Nd3 
Ra1 42.Rb3 Bd8 43.Ne5+ Kc5 44.Bc4 Ra5 45.Bd3 Ra2 46.Rb5+ Kd6 47.Nf7+ Ke7 
48.Nxd8 Kxd8 49.Bxf5 1-0

[Event "26th EUR-ch"]
[Site "Katowice POL"]
[Date "2026.04.07"]
[Round "1.62"]
[White "Rodriguez Redondo, Adhara"]
[Black "Maksimovic, Bojan"]
[Result "0-1"]
[WhiteElo "2203"]
[BlackElo "2531"]
[EventDate "2026.04.07"]
[PlyCount "109"]

1.e4 c5 2.Nf3 e6 3.d4 cxd4 4.Nxd4 a6 5.c4 Nf6 6.Nc3 Qc7 7.a3 Nc6 8.Be3 Bd6
9.g3 O-O 10.f4 Nxd4 11.Qxd4 e5 12.Qd2 b5 13.cxb5 Bb7 14.Rc1 Qb8 15.Bg2 
axb5 16.O-O Bc6 17.Nd5 Bxd5 18.exd5 Ng4 19.fxe5 Bxe5 20.Bd4 Ra4 21.Bxe5 
Nxe5 22.Kh1 d6 23.Rf4 h6 24.Rxa4 bxa4 25.Qc2 Qb5 26.Be4 g6 27.Qd2 h5 28.
Kg2 Rb8 29.Rc2 Qb6 30.Qf2 Qb3 31.Rc3 Qxb2 32.Qxb2 Rxb2+ 33.Bc2 Nd3 34.Rxd3
Rxc2+ 35.Kf3 Rxh2 36.Rd4 Kg7 37.Rxa4 Rd2 38.Ke4 f5+ 39.Kf4 Kf6 40.Ra8 Rd4+
41.Ke3 Rxd5 42.a4 Kg5 43.a5 Kg4 44.a6 Ra5 45.a7 Kxg3 46.Rg8 f4+ 47.Ke4 
Ra4+ 48.Kd3 Rxa7 49.Rxg6+ Kf2 50.Rh6 Ra5 51.Rxd6 f3 52.Rb6 Rg5 53.Rb2+ Kg3
54.Ke4 f2 55.Kd4 0-1

[Event "26th EUR-ch"]
[Site "Katowice POL"]
[Date "2026.04.07"]
[Round "1.63"]
[White "Alexakis, Dimitris"]
[Black "Salaun, Yann"]
[Result "1-0"]
[WhiteElo "2528"]
[BlackElo "2199"]
[EventDate "2026.04.07"]
[PlyCount "83"]

1.e4 c5 2.Nf3 Nc6 3.d4 cxd4 4.Nxd4 e6 5.Nc3 a6 6.Be3 Nge7 7.Nb3 b5 8.Qd2 
Bb7 9.O-O-O Nc8 10.f4 d6 11.f5 b4 12.fxe6 fxe6 13.Na4 Be7 14.Bc4 d5 15.
exd5 Ne5 16.d6 Nxc4 17.d7+ Kf7 18.Qf2+ Bf6 19.dxc8=Q Qxc8 20.Bg5 Rf8 21.
Bxf6 Kg8 22.Qd4 Rxf6 23.Nbc5 Bd5 24.b3 Nd6 25.Nb6 Qc6 26.Nxa8 Nb5 27.Qe3 
Qxa8 28.Nd7 Rf7 29.Nb6 Qc6 30.Nxd5 exd5 31.Rhe1 Rc7 32.Qe8+ Qxe8 33.Rxe8+ 
Kf7 34.Ra8 Rc6 35.Rxd5 Ke6 36.Rd3 Na3 37.Rd2 Ke5 38.Re8+ Kf5 39.Rf2+ Kg6 
40.Re4 a5 41.Re5 Ra6 42.g4 1-0

[Event "26th EUR-ch"]
[Site "Katowice POL"]
[Date "2026.04.07"]
[Round "1.64"]
[White "Sason, Noam"]
[Black "Kempinski, Robert"]
[Result "1-0"]
[WhiteElo "2199"]
[BlackElo "2527"]
[EventDate "2026.04.07"]
[PlyCount "107"]

1.Nf3 Nf6 2.g3 d5 3.Bg2 g6 4.O-O Bg7 5.c4 O-O 6.d4 dxc4 7.Na3 c3 8.bxc3 c5
9.e3 Nc6 10.Bb2 Bf5 11.Nd2 Qd7 12.e4 Bg4 13.f3 Bh3 14.d5 Na5 15.Bxh3 Qxh3 
16.Qe2 e6 17.c4 exd5 18.cxd5 Rfe8 19.Rab1 b6 20.Qg2 Qd7 21.Rfd1 Qa4 22.Nb5
Qxb5 23.Bxf6 Qd7 24.Bxg7 Kxg7 25.Nb3 Nb7 26.f4 Nd6 27.e5 Nf5 28.Qb2 Kg8 
29.Qc3 Rac8 30.d6 Red8 31.Rbc1 Qc6 32.g4 Nh4 33.Qg3 g5 34.Rf1 c4 35.fxg5 
Ng6 36.Rfe1 Re8 37.Nd2 Qc5+ 38.Kf1 Qb5 39.Rb1 Qc6 40.d7 Qxd7 41.Ne4 Qc6 
42.Nf6+ Kf8 43.Rbd1 Red8 44.Rd6 Qb5 45.Qc3 Ke7 46.Nd5+ Kf8 47.Nf6 Ke7 48.
h4 Nf4 49.Kg1 Qc5+ 50.Kf1 Qb5 51.Ne4 Nd3 52.Qa3 Nb4 53.Nc3 Qa5 54.Qxb4 1-0

[Event "26th EUR-ch"]
[Site "Katowice POL"]
[Date "2026.04.07"]
[Round "1.65"]
[White "Mastrovasilis, Dimitrios"]
[Black "Starosta, Martyna"]
[Result "1-0"]
[WhiteElo "2526"]
[BlackElo "2199"]
[EventDate "2026.04.07"]
[PlyCount "79"]

1.Nf3 d5 2.d4 Nf6 3.c3 c5 4.Bf4 Nc6 5.e3 Qb6 6.Qc2 g6 7.Nbd2 Bg7 8.Be2 O-O
9.h3 Nd7 10.O-O e5 11.dxe5 Ndxe5 12.Rfd1 Nxf3+ 13.Nxf3 Bf5 14.Qb3 Qxb3 15.
axb3 Rfd8 16.g4 Be6 17.Ng5 Bc8 18.Bb5 h6 19.Nf3 Be6 20.Bxc6 bxc6 21.Ne5 
Rdb8 22.Nxc6 Rxb3 23.Ne7+ Kh7 24.Nxd5 Bxd5 25.Rxd5 Rxb2 26.Rxc5 Rb3 27.Rc7
a5 28.Ra4 Kg8 29.c4 Rb4 30.Rxb4 axb4 31.Rb7 Bf8 32.Kf1 Rc8 33.Ke2 g5 34.
Bc7 Bg7 35.Kd3 b3 36.Rb8 Rxb8 37.Bxb8 Kf8 38.Ba7 f5 39.Bd4 b2 40.Kc2 1-0

[Event "26th EUR-ch"]
[Site "Katowice POL"]
[Date "2026.04.07"]
[Round "1.66"]
[White "Kochavi, Dana"]
[Black "Vogel, Roven"]
[Result "0-1"]
[WhiteElo "2196"]
[BlackElo "2524"]
[EventDate "2026.04.07"]
[PlyCount "102"]

1.e4 c5 2.Nf3 d6 3.d4 cxd4 4.Nxd4 Nf6 5.Nc3 a6 6.Bg5 Nbd7 7.a3 b5 8.a4 b4 
9.Nd5 Bb7 10.Bxf6 Nxf6 11.Nxf6+ gxf6 12.Qh5 Rc8 13.Bd3 Rc5 14.Qe2 Qa8 15.
Nb3 Re5 16.f4 Rxe4 17.Bxe4 Bxe4 18.O-O-O e6 19.Nd4 Bh6 20.Rhf1 O-O 21.Qh5 
Bg7 22.g4 Rc8 23.Rf2 Rc5 24.f5 Qc8 25.Re1 d5 26.fxe6 fxe6 27.Ree2 Rc4 28.
Nb3 Bg6 29.Qh3 e5 30.Qg2 Rxg4 31.Qf1 Bd3 32.Qd1 Bxe2 33.Rxe2 d4 34.Kb1 Qf5
35.Re1 Qg6 36.Qe2 d3 37.cxd3 f5 38.Qc2 h5 39.Qc8+ Kh7 40.Nc5 e4 41.d4 e3 
42.Ne6 Rg1 43.Rxg1 Qxg1+ 44.Ka2 e2 45.Nf4 e1=Q 46.Qxf5+ Kh8 47.Qxh5+ Bh6 
48.Qxh6+ Kg8 49.Qd6 Qb1+ 50.Kb3 Qe3+ 51.Kc4 Qc2+ 0-1

[Event "26th EUR-ch"]
[Site "Katowice POL"]
[Date "2026.04.07"]
[Round "1.67"]
[White "Kadric, Denis"]
[Black "Kosmas-Lekkas, Dimitrios"]
[Result "1-0"]
[WhiteElo "2523"]
[BlackElo "2195"]
[EventDate "2026.04.07"]
[PlyCount "71"]

1.e4 e6 2.d4 d5 3.Nc3 Bb4 4.e5 c5 5.Bd2 Ne7 6.a3 Bxc3 7.Bxc3 b6 8.h4 Ba6 
9.Bxa6 Nxa6 10.h5 h6 11.Qe2 Nb8 12.f4 Nf5 13.Rh3 cxd4 14.Bd2 Qc8 15.g4 Ne7
16.O-O-O Qc4 17.b3 Qxe2 18.Nxe2 Nbc6 19.Be1 f6 20.exf6 gxf6 21.Nxd4 Nxd4 
22.Rxd4 Rg8 23.Rg3 Kf7 24.Rd2 f5 25.g5 hxg5 26.fxg5 f4 27.g6+ Kg7 28.Rg4 
e5 29.Re2 Nc6 30.h6+ Kh8 31.Bh4 Rgf8 32.g7+ Kh7 33.gxf8=N+ Rxf8 34.Rg7+ 
Kxh6 35.Rg1 Rf5 36.Rh2 1-0

[Event "26th EUR-ch"]
[Site "Katowice POL"]
[Date "2026.04.07"]
[Round "1.68"]
[White "Mizzi, Jack"]
[Black "Petriashvili, Nikoloz"]
[Result "1/2-1/2"]
[WhiteElo "2192"]
[BlackElo "2518"]
[EventDate "2026.04.07"]
[PlyCount "92"]

1.d4 Nf6 2.c4 g6 3.Nf3 Bg7 4.g3 c5 5.d5 b5 6.cxb5 Qa5+ 7.Bd2 Qxb5 8.Nc3 
Qb6 9.Bg2 d6 10.O-O O-O 11.Qc2 Na6 12.a3 Rb8 13.Rab1 Qb3 14.Qxb3 Rxb3 15.
e4 Nc7 16.Bf4 Ba6 17.Rfd1 Rfb8 18.e5 Nfe8 19.Bf1 Bxf1 20.Kxf1 Rxb2 21.Rxb2
Rxb2 22.Ne4 dxe5 23.Nxe5 g5 24.Nxg5 f6 25.Nc4 fxg5 26.Bxc7 Nxc7 27.Nxb2 
Bxb2 28.d6 exd6 29.Rxd6 Ne8 30.Ra6 c4 31.Ke2 c3 32.Kd3 Nc7 33.Rxa7 Nb5 34.
Ra5 Nxa3 35.Rxg5+ Kf7 36.Rc5 Ke6 37.h4 Ba1 38.h5 Kd6 39.Rc8 Kd5 40.g4 Bb2 
41.g5 c2 42.g6 hxg6 43.hxg6 Ke6 44.g7 Bxg7 45.Rxc2 Nxc2 46.Kxc2 Ke5 
1/2-1/2

[Event "26th EUR-ch"]
[Site "Katowice POL"]
[Date "2026.04.07"]
[Round "1.69"]
[White "Petkov, Momchil"]
[Black "Djurovic, Peko"]
[Result "1-0"]
[WhiteElo "2517"]
[BlackElo "2191"]
[EventDate "2026.04.07"]
[PlyCount "95"]

1.e4 c5 2.Nf3 Nc6 3.d4 cxd4 4.Nxd4 Nf6 5.Nc3 e5 6.Ndb5 d6 7.Nd5 Nxd5 8.
exd5 Ne7 9.a4 Nf5 10.Bd3 Be7 11.O-O a6 12.Na3 O-O 13.Kh1 Nh4 14.f4 f5 15.
Nc4 Ng6 16.a5 exf4 17.Bxf4 Nxf4 18.Rxf4 Rb8 19.Qg1 Bd7 20.Re1 g6 21.Rf3 
Bb5 22.Nb6 Be8 23.c4 Bg5 24.c5 Bd2 25.Re6 Bxa5 26.Rxd6 Qc7 27.Qd4 Qg7 28.
Qh4 Bxb6 29.Rxb6 Bf7 30.d6 Qe5 31.b4 Bd5 32.Bc4 Kh8 33.Qf4 Rbe8 34.Kg1 
Qe1+ 35.Rf1 Bxc4 36.Qxc4 Qe3+ 37.Kh1 f4 38.d7 Re4 39.Rf6 Rd8 40.Qf7 Qd3 
41.R6xf4 Rxf4 42.Rxf4 Qxd7 43.h3 Qd1+ 44.Kh2 Qd7 45.Kh1 Qd1+ 46.Rf1 Qd7 
47.Kh2 Qd5 48.Qxd5 1-0

[Event "26th EUR-ch"]
[Site "Katowice POL"]
[Date "2026.04.07"]
[Round "1.70"]
[White "Meirovich, Ilay"]
[Black "Brunello, Sabino"]
[Result "0-1"]
[WhiteElo "2190"]
[BlackElo "2516"]
[EventDate "2026.04.07"]
[PlyCount "78"]

1.d4 Nf6 2.c4 g6 3.Nc3 Bg7 4.e4 d6 5.Nf3 O-O 6.Be2 Nbd7 7.O-O e5 8.Re1 Re8
9.Bf1 h6 10.d5 Nh7 11.Qc2 Ndf6 12.b4 a5 13.bxa5 Rxa5 14.a4 Nh5 15.g3 c5 
16.dxc6 bxc6 17.Bg2 Be6 18.Nd2 Ng5 19.Nb3 Ra8 20.Bxg5 hxg5 21.c5 Bf8 22.
Red1 Qc7 23.cxd6 Bxd6 24.Ne2 Bxb3 25.Qxb3 Bc5 26.Qf3 Kg7 27.h3 Re6 28.Qc3 
Qa7 29.Rf1 Nf6 30.a5 Rb8 31.a6 g4 32.h4 Bd4 33.Nxd4 exd4 34.Qc4 Nd7 35.
Rfc1 Rb2 36.Bf1 Rf6 37.Ra4 Rfxf2 38.Rb4 Ne5 39.Rxb2 Rxb2 0-1

[Event "26th EUR-ch"]
[Site "Katowice POL"]
[Date "2026.04.07"]
[Round "1.71"]
[White "Olszewski, Michal"]
[Black "Lecki, Leonard"]
[Result "1-0"]
[WhiteElo "2516"]
[BlackElo "2189"]
[EventDate "2026.04.07"]
[PlyCount "101"]

1.Nf3 c5 2.b3 Nf6 3.Bb2 Nc6 4.g3 d5 5.Bg2 g6 6.O-O Bg7 7.c4 d4 8.e3 dxe3 
9.dxe3 Bf5 10.Nc3 O-O 11.Na4 b6 12.Ne5 Nxe5 13.Bxe5 Qxd1 14.Raxd1 Rad8 15.
Nc3 Bg4 16.Rxd8 Rxd8 17.h3 Be6 18.Nb5 Rd2 19.Nxa7 Rxa2 20.Nc6 Kf8 21.Rd1 
Nd7 22.Bc7 Ra1 23.Rxa1 Bxa1 24.f4 Bc3 25.Bd8 Ke8 26.Bxe7 b5 27.cxb5 Bxb3 
28.Bd8 Bd2 29.Kf2 c4 30.Ba5 Bxa5 31.Nxa5 Nb6 32.Ke2 Ke7 33.Kd2 Na4 34.Nxb3
cxb3 35.Bd5 b2 36.Ba2 Kd6 37.Kc2 f6 38.Bg8 h6 39.Bh7 g5 40.Kb3 Nb6 41.Kxb2
Nc4+ 42.Kc3 Nxe3 43.fxg5 fxg5 44.Kd4 Nd5 45.Be4 Nb6 46.Bf3 Na4 47.Be2 Nb6 
48.Ke4 Nd5 49.Kf5 Ne7+ 50.Kf6 Kd7 51.Bf3 1-0

[Event "26th EUR-ch"]
[Site "Katowice POL"]
[Date "2026.04.07"]
[Round "1.72"]
[White "Udelnov, Valentin"]
[Black "Royal, Shreyas"]
[Result "0-1"]
[WhiteElo "2186"]
[BlackElo "2515"]
[EventDate "2026.04.07"]
[PlyCount "116"]

1.e4 e5 2.Nf3 Nc6 3.Bc4 Nf6 4.d3 Bc5 5.c3 d6 6.O-O a6 7.a4 Ba7 8.Re1 Ng4 
9.Re2 Qf6 10.Nbd2 g5 11.d4 Qg7 12.Nb3 h6 13.Bd5 Ne7 14.h3 f6 15.hxg4 h5 
16.gxh5 Rxh5 17.Kf1 Rh1+ 18.Ng1 Qh7 19.f3 Nxd5 20.exd5 Bf5 21.Be3 O-O-O 
22.Nc1 g4 23.f4 g3 24.fxe5 fxe5 25.Ke1 Rf8 26.Kd2 Bg4 27.Qe1 exd4 28.cxd4 
Qh4 29.Nd3 Re8 30.Nf4 Re4 31.Ne6 Bxe2 32.Qxe2 Bxd4 33.Nxd4 Rxd4+ 34.Bxd4 
Qxd4+ 35.Kc2 Kb8 36.Qe8+ Ka7 37.Qe1 Qc5+ 38.Kb3 Qxd5+ 39.Ka3 Qxg2 40.Qe3+ 
c5 41.a5 Qf2 42.Qb3 c4 43.Qb6+ Qxb6 44.axb6+ Kxb6 45.Kb4 d5 46.Kc3 Kc5 47.
b4+ cxb3 48.Rd1 b5 49.Kxb3 g2 50.Kc3 a5 51.Kd3 b4 52.Ra1 a4 53.Rc1+ Kb5 
54.Kd4 a3 55.Kxd5 b3 56.Kd4 b2 57.Rc5+ Kb6 58.Rc8 Kb7 0-1

[Event "26th EUR-ch"]
[Site "Katowice POL"]
[Date "2026.04.07"]
[Round "1.73"]
[White "Sahidi, Samir"]
[Black "Majcher, Igor"]
[Result "1-0"]
[WhiteElo "2513"]
[BlackElo "2184"]
[EventDate "2026.04.07"]
[PlyCount "107"]

1.d4 Nf6 2.c4 e6 3.Nf3 b6 4.g3 Bb7 5.Bg2 Bb4+ 6.Bd2 Be7 7.O-O O-O 8.Nc3 c6
9.e4 d5 10.e5 Ne4 11.cxd5 cxd5 12.Re1 Nxd2 13.Qxd2 Nc6 14.Bf1 Qd7 15.Rac1 
Rfc8 16.Qf4 Na5 17.Rc2 Nc4 18.Rec1 a6 19.Nd1 b5 20.h4 h6 21.Bd3 Na5 22.Qd2
Rxc2 23.Bxc2 Nc6 24.Ne3 Kf8 25.a3 b4 26.Qd3 Ke8 27.Ba4 bxa3 28.bxa3 Rc8 
29.Rb1 Bf8 30.Rb6 Kd8 31.Kg2 Rc7 32.Qh7 Kc8 33.Qd3 Qe7 34.Bxc6 Rxc6 35.
Rxc6+ Bxc6 36.Qxa6+ Qb7 37.Qd3 Qb2 38.Nc2 g6 39.Nb4 Bxb4 40.axb4 Qxb4 41.
Qe3 h5 42.Ng5 Be8 43.Qf4 Qe7 44.Qc1+ Kb7 45.Qb2+ Kc7 46.Qc3+ Kb7 47.Qa5 
Bc6 48.Nh7 Be8 49.Kf3 Qc7 50.Qxc7+ Kxc7 51.Kf4 Kd8 52.Kg5 Ke7 53.Kh6 f5 
54.Kg7 1-0

[Event "26th EUR-ch"]
[Site "Katowice POL"]
[Date "2026.04.07"]
[Round "1.74"]
[White "Pehar, Borna"]
[Black "Stefansson, Vignir Vatnar"]
[Result "0-1"]
[WhiteElo "2183"]
[BlackElo "2512"]
[EventDate "2026.04.07"]
[PlyCount "108"]

1.e4 c5 2.Nf3 Nc6 3.Bb5 d6 4.O-O Bd7 5.Re1 a6 6.Bf1 Bg4 7.h3 Bxf3 8.Qxf3 
Nf6 9.c3 e6 10.d3 Be7 11.Be3 d5 12.exd5 Nxd5 13.Nd2 O-O 14.Ne4 b6 15.Rad1 
f5 16.Ng5 Bxg5 17.Bxg5 Qxg5 18.Rxe6 Nce7 19.Rde1 Ra7 20.d4 Rd8 21.Bc4 Kf8 
22.Bxd5 Nxd5 23.R6e5 Ne7 24.dxc5 bxc5 25.h4 Qxh4 26.Qe3 Rc7 27.Re6 f4 28.
Qe5 Rd2 29.Rf1 Rcd7 30.Rxa6 Qg4 31.Ra4 Ng6 32.Qxc5+ Kg8 33.Qc8+ Nf8 34.Qb8
Rd1 35.Qb3+ Kh8 36.f3 Rxf1+ 37.Kxf1 Qf5 38.Re4 h5 39.Qb8 Kh7 40.Qxf4 Qb5+ 
41.c4 Rd1+ 42.Kf2 Qxb2+ 43.Re2 Qb6+ 44.Qe3 Qf6 45.Qe5 Qh4+ 46.g3 Qh1 47.
Qf5+ Ng6 48.f4 Qh2+ 49.Kf3 Rf1+ 50.Ke3 Qxg3+ 51.Kd2 Qxf4+ 52.Qxf4 Nxf4 53.
Re4 h4 54.Ke3 h3 0-1

[Event "26th EUR-ch"]
[Site "Katowice POL"]
[Date "2026.04.07"]
[Round "1.75"]
[White "Stocek, Jiri"]
[Black "Ugorek, Kacper"]
[Result "1-0"]
[WhiteElo "2512"]
[BlackElo "2181"]
[EventDate "2026.04.07"]
[PlyCount "119"]

1.d4 Nf6 2.c4 g6 3.Nc3 Bg7 4.e4 d6 5.Be2 O-O 6.Nf3 e5 7.Be3 Ng4 8.Bg5 f6 
9.Bc1 Nc6 10.O-O f5 11.Bg5 Bf6 12.Bxf6 Nxf6 13.exf5 Bxf5 14.Qd2 Bg4 15.
dxe5 dxe5 16.Qe3 Nd4 17.Rad1 Bxf3 18.Bxf3 c6 19.Ne2 Nxf3+ 20.Qxf3 Qc7 21.
h3 Rae8 22.Qe3 b6 23.Rd2 Rd8 24.Rfd1 Rxd2 25.Rxd2 Kg7 26.Ng3 h6 27.b3 Qe7 
28.Ne4 Nxe4 29.Qxe4 Qe6 30.Re2 g5 31.Qxe5+ Qxe5 32.Rxe5 Kf6 33.Re2 Rd8 34.
Kh2 a5 35.Kg3 Rd3+ 36.Re3 Rd2 37.a4 c5 38.Rf3+ Kg6 39.h4 Rd4 40.hxg5 hxg5 
41.Re3 Kf5 42.Kf3 Rd2 43.g4+ Kf6 44.Kg3 Rd1 45.f3 Rb1 46.Rd3 Ke6 47.Kf2 
Ke5 48.Ke3 Re1+ 49.Kd2 Rb1 50.Rd5+ Ke6 51.Rxg5 Rxb3 52.f4 Rb4 53.Kd3 Kf7 
54.Rf5+ Ke7 55.g5 Rxa4 56.g6 Ra1 57.Rf7+ Ke8 58.Ra7 Kf8 59.f5 Rf1 60.Ke4 
1-0

[Event "26th EUR-ch"]
[Site "Katowice POL"]
[Date "2026.04.07"]
[Round "1.76"]
[White "Iordache, Alexia-Andreea"]
[Black "Boruchovsky, Avital"]
[Result "0-1"]
[WhiteElo "2181"]
[BlackElo "2510"]
[EventDate "2026.04.07"]
[PlyCount "70"]

1.e4 c5 2.Nf3 d6 3.d4 cxd4 4.Nxd4 Nf6 5.Nc3 Nc6 6.Bg5 e6 7.Bb5 Bd7 8.Qd3 
h6 9.Bh4 g5 10.Bxc6 bxc6 11.Bg3 Nh5 12.O-O-O Qc7 13.Kb1 O-O-O 14.Rhe1 Nxg3
15.hxg3 Kb8 16.f4 Ka8 17.Re3 Rb8 18.f5 Bg7 19.Nb3 Be5 20.Qc4 Rb7 21.g4 h5 
22.gxh5 Rxh5 23.Ree1 Rh8 24.Rh1 Rhb8 25.Rh7 Rb4 26.Qe2 Bc8 27.a3 R4b7 28.
Qc4 exf5 29.Qf1 Be6 30.exf5 Bxb3 31.cxb3 Bxc3 32.bxc3 Rxb3+ 33.Kc2 Qa5 34.
Qd3 Rb2+ 35.Kc1 Qxa3 0-1

[Event "26th EUR-ch"]
[Site "Katowice POL"]
[Date "2026.04.07"]
[Round "1.77"]
[White "Lopez Martinez, Josep Manuel"]
[Black "Obada, Ema"]
[Result "0-1"]
[WhiteElo "2510"]
[BlackElo "2181"]
[EventDate "2026.04.07"]
[PlyCount "106"]

1.c4 e6 2.Nc3 d5 3.d4 a6 4.cxd5 exd5 5.Bf4 Nf6 6.e3 Bd6 7.Bxd6 Qxd6 8.Bd3 
O-O 9.Nge2 Re8 10.Qc2 Nbd7 11.Rd1 c6 12.h3 Nb6 13.O-O Bd7 14.Qb3 Qc7 15.
Rc1 Qd8 16.Ng3 Be6 17.Qc2 Nc8 18.f3 g6 19.Qf2 Nd7 20.e4 f6 21.Rcd1 Bf7 22.
Bc2 b5 23.f4 dxe4 24.Bxe4 Qb6 25.f5 g5 26.Kh1 Nd6 27.Bf3 a5 28.Nce4 Nxe4 
29.Nxe4 Qc7 30.Rc1 Rac8 31.Qd2 h6 32.d5 c5 33.h4 Qb6 34.hxg5 hxg5 35.d6 
Rxe4 36.Bxe4 Kg7 37.Rfe1 Ne5 38.Bf3 c4 39.Re3 Nd3 40.Rc3 Rh8+ 41.Kg1 Re8 
42.Rxd3 cxd3 43.Kf2 Rxe3 44.Qxe3 Qxd6 45.Ke1 Qb4+ 46.Qd2 Qd4 47.Qxa5 Qxb2 
48.a3 Qc1+ 49.Kf2 Qc5+ 50.Kg3 Qxf5 51.Qb4 Qe5+ 52.Kf2 Bc4 53.g3 g4 0-1

[Event "26th EUR-ch"]
[Site "Katowice POL"]
[Date "2026.04.07"]
[Round "1.78"]
[White "Bitbol-Delaveyne, Maelan"]
[Black "Davtian, Artur"]
[Result "0-1"]
[WhiteElo "2181"]
[BlackElo "2510"]
[EventDate "2026.04.07"]
[PlyCount "59"]

1.Nf3 d5 2.g3 Bg4 3.Bg2 c6 4.h3 Bh5 5.O-O e6 6.d3 Nf6 7.c4 Be7 8.Qb3 Qc8 
9.Nc3 Nbd7 10.cxd5 exd5 11.e4 dxe4 12.dxe4 Nc5 13.Qd1 Bg6 14.Nh4 Bxe4 15.
Nxe4 Ncxe4 16.Re1 Nc5 17.b3 Qd7 18.Qc2 O-O 19.Nf5 Ne6 20.Bb2 Rfe8 21.Rad1 
Qc7 22.Be5 Qa5 23.Bc3 Bb4 24.Re5 Qb6 25.Nxg7 Nxg7 26.Rg5 Bxc3 27.Qxc3 h6 
28.Rc5 Ne4 29.Bxe4 Rxe4 30.Rc4 0-1

[Event "26th EUR-ch"]
[Site "Katowice POL"]
[Date "2026.04.07"]
[Round "1.79"]
[White "Samadov, Read"]
[Black "Pasti, Zsombor"]
[Result "1-0"]
[WhiteElo "2508"]
[BlackElo "2180"]
[EventDate "2026.04.07"]
[PlyCount "79"]

1.d4 d5 2.c4 e6 3.Nf3 Nf6 4.Nc3 c5 5.cxd5 exd5 6.Bg5 Nc6 7.Bxf6 Qxf6 8.
Nxd5 Qd8 9.dxc5 Bxc5 10.Rc1 Bd6 11.e3 O-O 12.Bd3 Qa5+ 13.Nc3 Rd8 14.Qa4 
Qh5 15.Be2 Bg4 16.h3 Ne5 17.Nxe5 Bxe2 18.Nxf7 b5 19.Qe4 Qxf7 20.Kxe2 b4 
21.Nd5 Rf8 22.Rhf1 Kh8 23.Rc6 Qd7 24.Rc4 Rae8 25.Qd3 a5 26.Rd1 Be5 27.Rh4 
g5 28.Rc4 Bxb2 29.Rc7 Qf5 30.Qxf5 Rxf5 31.Rd2 Bg7 32.Ra7 Bc3 33.Rd3 Rb8 
34.Nxc3 bxc3 35.Rxc3 Rb2+ 36.Kd3 Rbxf2 37.Rc8+ Rf8 38.Rxf8+ Rxf8 39.Rxa5 
h6 40.Ke2 1-0

[Event "26th EUR-ch"]
[Site "Katowice POL"]
[Date "2026.04.07"]
[Round "1.80"]
[White "Petrovic, Aleksa"]
[Black "Nasuta, Grzegorz"]
[Result "0-1"]
[WhiteElo "2178"]
[BlackElo "2506"]
[EventDate "2026.04.07"]
[PlyCount "58"]

1.Nf3 d5 2.d4 Nf6 3.c4 c6 4.Qb3 e6 5.Bg5 Nbd7 6.Nc3 h6 7.Bh4 dxc4 8.Qxc4 
a6 9.Rd1 b5 10.Qxc6 Ra7 11.Bxf6 gxf6 12.Qe4 Qa5 13.Qb1 Bb4 14.Rc1 Rc7 15.
Qa1 Nb6 16.Nd2 Nd5 17.Ndb1 Bb7 18.e3 Ke7 19.Bd3 Nxc3 20.Nxc3 Bxg2 21.Rg1 
Bb7 22.Ke2 Rhc8 23.Ne4 f5 24.Ng3 f4 25.Ne4 f3+ 26.Kxf3 Rxc1 27.Rxc1 Rxc1 
28.Qxc1 f5 29.a3 Bd6 0-1

[Event "26th EUR-ch"]
[Site "Katowice POL"]
[Date "2026.04.07"]
[Round "1.81"]
[White "Travadon, Loic"]
[Black "Kondys, Piotr"]
[Result "1-0"]
[WhiteElo "2505"]
[BlackElo "2178"]
[EventDate "2026.04.07"]
[PlyCount "96"]

1.e4 e6 2.d4 d5 3.Nd2 Be7 4.e5 c5 5.Qg4 Kf8 6.Nb3 cxd4 7.Nf3 b6 8.Nbxd4 
Ba6 9.Bd3 Qd7 10.O-O Bxd3 11.cxd3 Na6 12.Bd2 Nc5 13.Ne1 h5 14.Qe2 Rc8 15.
b4 Na4 16.Nef3 Nc3 17.Bxc3 Rxc3 18.Qb2 Rc7 19.Rac1 g5 20.Rxc7 Qxc7 21.Rc1 
Qd7 22.Rc6 g4 23.Qc2 Kg7 24.Rc7 Qe8 25.Nd2 Bxb4 26.Nc6 Bxd2 27.Qxd2 Kg6 
28.Qc2 Rh7 29.Qa4 f6 30.Rxh7 Kxh7 31.Qxa7+ Kg6 32.Qb7 fxe5 33.Nxe5+ Kf5 
34.Nc6 Nf6 35.Qxb6 e5 36.a4 Qf8 37.Qc7 e4 38.dxe4+ dxe4 39.Ne7+ Ke6 40.Ng6
Qb4 41.Nf4+ Kf5 42.g3 e3 43.Qc2+ Qe4 44.Qc5+ Nd5 45.Qxd5+ Qxd5 46.Nxd5 e2 
47.Ne3+ Ke4 48.Ng2 Kd5 1-0